| Tag |
First Indicator |
Second Indicator |
Subfields |
| LEADER |
00000cam a22000001i 4500 |
| 001 |
in00003928021 |
| 006 |
m d f |
| 007 |
cr bn mmmapmmp |
| 008 |
410803s1941 dcu o f000 0 eng d |
| 005 |
20250210233501.7 |
| 035 |
|
|
|a ebd19401458452
|
| 040 |
|
|
|a UMI
|c UMI
|e rda
|d UtOrBLW
|
| 086 |
0 |
|
|a I 49.10:3/1
|
| 099 |
|
|
|a I49.10..3_1
|
| 110 |
2 |
|
|a U.S. Fish and Wildlife Service.
|0 http://id.loc.gov/authorities/names/n79006435
|
| 245 |
1 |
0 |
|a Fishery Market News, Jan. 1941, Vol. 3, No. 1.
|
| 264 |
|
1 |
|a [Washington] :
|b [s.n.],
|c 1941.
|
| 300 |
|
|
|a 1 online resource (24 pages), digital, PDF file
|
| 336 |
|
|
|a text
|b txt
|2 rdacontent
|
| 337 |
|
|
|a computer
|b c
|2 rdamedia
|
| 338 |
|
|
|a online resource
|b cr
|2 rdacarrier
|
| 533 |
|
|
|a Electronic reproduction.
|b [Bethesda, Md.] :
|c ProQuest,
|d 2016
|e digital, PDF file.
|n ProQuest U.S. Executive Branch Documents
|n Mode of access: World Wide Web via ProQuest website.
|
| 588 |
|
|
|a Record is based on online resource; title from PDF title page (ProQuest, last viewed Nov. 2016). Reuse except for individual research requires license from ProQuest, LLC.
|
| 650 |
|
0 |
|a Fisheries.
|0 http://id.loc.gov/authorities/subjects/sh85048666
|
| 650 |
|
0 |
|a Fish trade.
|0 http://id.loc.gov/authorities/subjects/sh85048657
|
| 856 |
4 |
0 |
|u http://proxy.library.tamu.edu/login?url=http://congressional.proquest.com/congressional/docview/t66.d71.i49.10..3_1?
|y Electronic resource (PDF)
|t 0
|
| 999 |
f |
f |
|s 821d03ab-a0e5-356a-9ca5-ce7400bf1a6e
|i 09b64d87-8400-3ce8-90e7-c48fb72bec2a
|t 0
|
| 952 |
f |
f |
|a Texas A&M University
|b College Station
|c Electronic Resources
|d Available Online
|t 0
|h No information provided
|
| 998 |
f |
f |
|t 0
|l Available Online
|